Higher education : (Record no. 44312)

MARC details
000 -LEADER
fixed length control field 00347nam a22001217a 4500
008 - FIXED-LENGTH DATA ELEMENTS--GENERAL INFORMATION
fixed length control field 150220b xxu||||| |||| 00| 0 eng d
050 ## - LIBRARY OF CONGRESS CALL NUMBER
Classification number LB1051
Item number .H54 2006
245 ## - TITLE STATEMENT
Title Higher education :
Remainder of title catalogue 2006/7
260 ## - PUBLICATION, DISTRIBUTION, ETC. (IMPRINT)
Place of publication, distribution, etc Upper Saddle River, N.J.
Name of publisher, distributor, etc Pearson Education Pub ;
Date of publication, distribution, etc 2006
300 ## - PHYSICAL DESCRIPTION
Extent CD-ROM
650 ## - SUBJECT ADDED ENTRY--TOPICAL TERM
Form subdivision Higher education
942 ## - ADDED ENTRY ELEMENTS (KOHA)
Source of classification or shelving scheme Library of Congress Classification
Koha item type CD/DVD
Holdings
Withdrawn status Lost status Source of classification or shelving scheme Damaged status Not for loan Collection code Home library Current library Shelving location Date acquired Source of acquisition Total Checkouts Full call number Barcode Copy number Price effective from Koha item type
    Library of Congress Classification     Non-fiction Bishop Okullu Memorial Library (Limuru Campus) Bishop Okullu Memorial Library (Limuru Campus) Multimedia 20/02/2015 Donation   LB1051 .H54 2006 042703 1 20/02/2015 CD/DVD